000 00522nam a2200181Ia 4500
008 090124s9999 xx 000 0 und d
082 _b43639
100 _aBHATT N.D.
245 _aMACHINE DRAWING मशीन ड्रॉइंग
250 _a17
260 _bCHAROTAR PUBLISHING HOUSE
_c1981
300 _a210
600 _aBHATT N.D.
630 _aMACHINE DRAWING मशीन ड्रॉइंग
700 _aBHATT N.D.
730 _aMACHINE DRAWING मशीन ड्रॉइंग
942 _cBOOK
999 _c109868
_d109868